Procreación humana y acciones de responsabilidad (Registro nro. 166810)

Detalles MARC
000 -LEADER
fixed length control field 02495nam a22002537a 4500
007 - PHYSICAL DESCRIPTION FIXED FIELD--GENERAL INFORMATION
fixed length control field cr|||| ||||
008 - FIXED-LENGTH DATA ELEMENTS--GENERAL INFORMATION
fixed length control field 190407s2018 es |||||s|||| 00||0 spa d
020 ## - INTERNATIONAL STANDARD BOOK NUMBER
International Standard Book Number 978-84-948453-0-7
035 ## -
-- 23051
040 ## - CATALOGING SOURCE
Original cataloging agency vLex
090 ## -
-- 8573
-- 8573
100 1# - MAIN ENTRY--PERSONAL NAME
Personal name Fugardo Estivill, Josep Maria
245 10 - TITLE STATEMENT
Title Procreación humana y acciones de responsabilidad
Medium [Recurso electrónico] :
Remainder of title Derecho español y comparado /
Statement of responsibility, etc Josep Maria Fugardo Estivill
256 ## -
-- Servicio en línea
260 ## - PUBLICATION, DISTRIBUTION, ETC. (IMPRINT)
Place of publication, distribution, etc Barcelona:
Name of publisher, distributor, etc J.M. Bosch Editor,
Date of publication, distribution, etc 2018
300 ## - PHYSICAL DESCRIPTION
Extent 1 recurso electrónico
500 ## - GENERAL NOTE
General note En la primera parte de este libro se trata sobre cuestiones relativas a los derechos procreativos, la salud sexual y reproductiva, la gestación por sustitución, la protección jurídica de la vida genética y prenatal, el consentimiento médico informado, el contenido de la lex artis médica, y la causalidad, imputabilidad y responsabilidad civil por daños derivados del ejercicio de los derechos procreativos. En la parte segunda, se definen y examinan determinadas clases de acciones de responsabilidad civil referentes a los derechos positivo y negativo a procrear, en especial, las acciones de responsabilidad conocidas como concepción no deseada (wrongful conception o pregnancy); nacimiento inapropiado (wrongful birth); vida inapropiada (wrongful life); y muerte errónea (wrongful death). En la parte final, se estudian otras acciones de responsabilidad relacionadas con la procreación, la interrupción del embarazo, el delito de lesiones al feto, y la controvertida responsabilidad parental por la causación de daños o lesiones prenatales. La obra se centra fundamentalmente en la legislación, doctrina y jurisprudencia de Derecho español y se tienen en cuenta, las Convenciones internacionales, la doctrina jurídica y bioética, y determinados casos judiciales de Derecho comparado, especialmente, los procedentes del Derecho anglosajón.
506 1# - RESTRICTIONS ON ACCESS NOTE
Terms governing access Disponible solo en los productos indicados
Authorized users vLex Global
-- vLex Global (Academic Edition, excluding Law Schools)
-- vLex Global (U.S. Academic Edition, Law Schools)
-- vLex Global (U.S. Academic Edition, excluding Law Schools)
-- vLex Global (Academic Edition, Law Schools)
650 04 - SUBJECT ADDED ENTRY--TOPICAL TERM
Topical term or geographic name as entry element Derecho Civil
Geographic subdivision España
740 0# -
-- vLex Libros (Servicio en línea)
856 40 - LOCALIZACIÓN Y ACCESO ELECTRÓNICO
Identificador Uniforme del Recurso (URI/URL) https://app.vlex.com/#/sources/procreacion-humana-y-acciones-de-responsabilidad-derecho-espa-ol-y-comparado-23051
942 ## -
-- RAA
999 ## -
-- 166810
-- 166810

No hay ítems disponibles.


CONTACTO


NOSOTROS


SITIOS DE INTERES

coordinacion.biblioteca.biblioteca@unienlinea.mx Misión, Visión y Objetivos Bases de datos
Directorio Bibliotecas Digitales y Repositorios
Normatividad Revistas y artículos
Convenios interbibliotecarios
Boletines



Hecho en México. Universidad Insurgentes (UIN). Todos los derechos reservados 2024. Esta página y sus contenidos pueden ser reproducidos con fines no lucrativos, siempre y cuando no se mutile, se cite la fuente completa y su dirección electrónicas. De otra forma requiere permiso previo por escrito de la institución




2024 Copyright Universidad Insurgentes | www.bibliouin.com.mx